| 000 | 00477nam a2200157 4500 | ||
|---|---|---|---|
| 001 | 138047 | ||
| 003 | ES-MaACL | ||
| 005 | 20230906195507.0 | ||
| 007 | t| | ||
| 008 | 070214s1960 sp r ||||1| spa d | ||
| 100 | 1 |
_aSánchez-Manzano, Pelayo. _9102749 |
|
| 245 | 1 | 0 |
_aEn un lugar de Castilla _b: retazos / _cPelayo Sánchez-Manzano. |
| 260 |
_a[S. l. : _bs. n.], _c1960 ( _eMadrid : _fNuevas Gráficas) |
||
| 300 |
_a107 p. ; _c16 cm. |
||
| 852 |
_aES-MaACL _jC-18824 _bR.46340 |
||
| 999 |
_c138047 _d138047 |
||